000 nam a22 7a 4500
999 _c10566
_d10566
008 180219b ||||| |||| 00| 0 eng d
100 _aSharma,V.
_96469
245 _aComputers for You-V
260 _aNew Delhi
_bUnited Publishing
_c2009